Kręg Afrykański - Statystyki

Ogólne statystyki
  • Ten quiz został rozwiązany 44 razy
  • Średni wynik to 23 z 35
Statystyki odpowiedzi
Państwo % Poprawnych
Demokratyczna Republika Konga
81%
Kenia
81%
Kongo
81%
Republika Południowej Afryki
81%
Uganda
81%
Etiopia
78%
Wybrzeże Kości Słoniowej
78%
Zambia
78%
Angola
74%
Gwinea
74%
Senegal
74%
Zimbabwe
74%
Benin
70%
Botswana
70%
Kamerun
70%
Mozambik
70%
Rwanda
70%
Sierra Leone
70%
Tanzania
70%
Ghana
67%
Namibia
67%
Togo
67%
Lesotho
63%
Madagaskar
63%
Nigeria
63%
Gabon
59%
Gwinea Równikowa
59%
Burundi
56%
Eswatini
56%
Gwinea Bissau
56%
Gambia
52%
Liberia
48%
Malawi
48%
Republika Środkowoafrykańska
48%
Burkina Faso
44%
Nie znaleziono quizów pasujących do podanych kryteriów
Rozkład punktacji
Procent ludzi z każdym wynikiem
Percentyl według liczby udzielonych odpowiedzi
Twoja historia wyników
Nie rozwiązałeś tego quizu